Statistiche per Forme di tutti i paesi del mondo

Clicka qui per fare il quiz!

Statistiche generali

  • Questo quiz è stato fatto 2.290 volte
  • Il punteggio medio è 83 su 196

Statistiche sulle risposte

Risposta% Corretto
Stati Uniti
97%
Canada
96%
Francia
96%
Australia
95%
Italia
94%
Norvegia
94%
Regno Unito
94%
Giappone
93%
Grecia
90%
Cina
89%
Cile
88%
Islanda
87%
Indonesia
86%
India
85%
Croazia
83%
Russia
83%
Germania
81%
Filippine
80%
Vietnam
80%
Messico
79%
Spagna
79%
Turchia
78%
Cipro
76%
Nuova Zelanda
76%
Portogallo
76%
Austria
74%
Danimarca
74%
Cuba
72%
Thailandia
71%
Argentina
69%
Sudafrica
66%
Brasile
65%
Somalia
65%
Birmania
63%
Marocco
63%
Svezia
63%
Svizzera
63%
Egitto
62%
Madagascar
61%
Irlanda
60%
Ucraina
60%
Laos
59%
Finlandia
58%
Kazakistan
58%
Israele
57%
Pakistan
55%
Papua Nuova Guinea
55%
Mali
54%
Paesi Bassi
54%
Bosnia ed Erzegovina
53%
Senegal
53%
Panama
52%
Bangladesh
51%
Iran
51%
Malesia
51%
Namibia
51%
Gambia
50%
Perù
50%
Estonia
49%
Mongolia
49%
Nepal
49%
Taiwan
49%
Repubblica Democratica del Congo
48%
Sri Lanka
48%
Benin
47%
Maldive
47%
Mozambico
47%
Repubblica Ceca
47%
Kosovo
46%
Libia
46%
Uzbekistan
46%
Polonia
45%
Serbia
45%
Algeria
44%
Malta
44%
Afghanistan
43%
Albania
43%
Angola
43%
Corea del Sud
43%
Haiti
43%
Mauritania
43%
Moldavia
43%
Romania
43%
Eritrea
42%
Venezuela
42%
Corea del Nord
41%
Iraq
41%
Tunisia
41%
Camerun
40%
Emirati Arabi Uniti
40%
Etiopia
40%
Slovacchia
40%
Sudan
40%
Bahamas
39%
Zambia
39%
Belgio
38%
Bulgaria
38%
Ciad
37%
Città del Vaticano
37%
Colombia
37%
Giordania
37%
Monaco
37%
Oman
37%
Siria
37%
Ungheria
37%
Azerbaijan
36%
Bielorussia
36%
Lettonia
36%
Arabia Saudita
35%
Giamaica
35%
Malawi
35%
Turkmenistan
35%
Yemen
35%
Ecuador
34%
Nicaragua
33%
Slovenia
33%
Togo
33%
Costa Rica
32%
Gabon
31%
Niger
31%
Tagikistan
31%
Trinidad e Tobago
31%
Costa d'Avorio
30%
Georgia
30%
Kirghizistan
30%
Repubblica del Congo
30%
Guinea Equatoriale
29%
Lussemburgo
29%
Montenegro
29%
Paraguay
29%
Repubblica Centrafricana
29%
Liechtenstein
28%
Bolivia
27%
Burkina Faso
27%
Capo Verde
27%
Guinea
27%
Guyana
27%
Kuwait
27%
Lituania
27%
Nigeria
27%
Singapore
27%
Liberia
26%
Armenia
25%
Ghana
25%
Macedonia del Nord
25%
Nauru
25%
San Marino
25%
Sud Sudan
25%
Timor Est
25%
Kenya
24%
Botswana
23%
Brunei
23%
Qatar
23%
Saint Kitts e Nevis
23%
Stati Federati di Micronesia
23%
Tanzania
23%
Belize
22%
Figi
22%
Guatemala
22%
Isole Salomone
22%
Antigua e Barbuda
21%
El Salvador
21%
Guinea-Bissau
21%
Kiribati
21%
Libano
21%
Zimbabwe
21%
Cambogia
20%
Honduras
20%
Isole Marshall
20%
Vanuatu
20%
Bahrain
19%
Gibuti
19%
Repubblica Dominicana
19%
Sao Tome e Principe
19%
Seychelles
18%
Burundi
17%
Comoros
17%
Saint Lucia
17%
Tuvalu
17%
Uganda
17%
Samoa
16%
Tonga
16%
Uruguay
16%
Andorra
15%
Grenada
15%
Sierra Leone
15%
Swaziland
15%
Barbados
14%
Mauritius
14%
Palau
14%
Saint Vincent e Grenadine
14%
Suriname
14%
Bhutan
13%
Dominica
13%
Lesotho
13%
Ruanda
13%

Distribuzione punteggi

Percentile per numero di risposta

Percentuale di utenti per punteggio

I tuoi punteggi nel tempo

Non hai fatto questo quiz